ბათუმის შოთა რუსთაველის სახელმწიფო უნივერსიტეტის ბიბლიოთეკა

ხე–ტყის დამზადება : (ბიბ.ჩანაწერი № 35261)

000 -ლიდერი
ფიქსირებული სიგრძის საკონტროლო ველი 01190nam a2200253Ia 4500
001 - საკონტროლო ნომერი
საკონტროლო ველი 1110
003 - საკონტროლო ნომრის იდენტიფიკატორი
საკონტროლო ველი GE_BSU
005 - ბოლო ოპერაციის თარიღი და დრო
საკონტროლო ველი 20250502164809.0
008 - ფიქსირებული სიგრძის მონაცემთა ელემენტები - ზოგადი ინფორმაცია
ფიქსირებული სიგრძის საკონტროლო ველი 181216s2009||||ge |||||||||||||| ||geo||
040 ## - კატალოგიზაციის წყარო
Transcribing agency GE_BSU
041 ## - ენის კოდი
Language code of text/sound track or separate title geo
080 ## - უნივერსალური ათობითი კლასიფიკაციის ინდექსი
Universal Decimal Classification number 630.3 : 674 გ–44
100 ## - მთავარი ჩანაწერი - პიროვნების სახელი
Personal name გვაზავა, ლევან
9 (RLIN) 8295
245 ## - ცნობა სათაურის შესახებ
Title ხე–ტყის დამზადება :
Remainder of title (ხე–ტყის ტრანსპორტი და ქვედა საწყობი მერქანის პირველადი გადამუშავების საფუძვლები)/
Statement of responsibility, etc ლევან გვაზავა; რედ. მ.ტეფნაძე.
264 ## - წარმოების, გამოცემის, დისტრიბუციის და სხვა ცნობები
გამოცემის, წარმოების, დისტრიბუციის... ადგილი თბილისი,
გამოცემის, წარმოების, დისტრიბუციის... თარიღი 2009.
300 ## - ფიზიკური აღწერა
Extent 159 გვ. ;
Other physical details 20 სმ.
504 ## - BIBLIOGRAPHY, ETC. NOTE
Bibliography, etc ბიბლიოგრ. გვ. 155
653 ## - INDEX TERM--UNCONTROLLED
Uncontrolled term მერქნის პირველადი გადამუშავება
653 ## - INDEX TERM--UNCONTROLLED
Uncontrolled term სოფლის მეურნეობა
653 ## - INDEX TERM--UNCONTROLLED
Uncontrolled term ხე–ტყის დამზადება
700 ## - ADDED ENTRY--PERSONAL NAME
Personal name ტეფნაძე, მ.
Relator term რედაქტორი
9 (RLIN) 25005
942 ## - ADDED ENTRY ELEMENTS (KOHA)
Koha item type წიგნი
Source of classification or shelving scheme
ეგზემპლარები
ჩამოწერის სტატუსი დაკარგული ეგზემპლარის სტატუსი კლასიფიკაციის წყარო ან თაროზე გაწყობის სქემა დაზიანების სტატუსი არ გაიცემა მუდმივი მდებარეობა (დაცვის ადგილი) ამჟამინდელი ადგილსამყოფელი თაროზე განთავსების ადგილი შეძენის თარიღი ღირებულება, შესყიდვის ნორმალური ფასი სრული შენახვის შიფრი შტრიხკოდი ბოლო ოპერაციის თარიღი ეგზემპლარის მიმდევრობითი ნომერი (კეტერი?) ფასის ძალაში შესვლის თარიღი ეგზემპლარის სახეობა საჯარო შენიშვნა Uniform Resource Identifier
          აგრარული და მემბრანული ტექნოლოგიების ინსტიტუტის ბიბლიოთეკა აგრარული და მემბრანული ტექნოლოგიების ინსტიტუტის ბიბლიოთეკა წიგნსაცავი 2018-12-17 10.00 630.3 : 674 გ–44 2777 2018-12-17 2777 2018-12-17 წიგნი 10 ლ.  
          აგრარული და მემბრანული ტექნოლოგიების ინსტიტუტის ბიბლიოთეკა აგრარული და მემბრანული ტექნოლოგიების ინსტიტუტის ბიბლიოთეკა წიგნსაცავი 2025-05-02 8.00 630.3 : 674 გ–44 71313 2025-05-02 71313 2025-05-02 წიგნი 8 ლ. ნაჩუქარი
          ბათუმის შოთა რუსთაველის სახელმწიფო უნივერსიტეტის მთავარი ბიბლიოთეკა ბათუმის შოთა რუსთაველის სახელმწიფო უნივერსიტეტის მთავარი ბიბლიოთეკა წიგნსაცავი 2018-12-17 10.00 630.3 : 674 გ–44 2776 2018-12-17 2776 2018-12-17 წიგნი 10 ლ.